[Event "Ljubljana op"]
[Site "Ljubljana"]
[Date "2024.05.04"]
[Round "9"]
[White "Debevec, Blaz"]
[Black "Hiti, Domen"]
[Result "0-1"]
[WhiteElo "2065"]
[BlackElo "2241"]
[PlyCount "76"]
[EventDate "2024.04.27"]
[EventType "swiss"]
[EventRounds "9"]
[EventCountry "SLO"]
[SourceTitle "CB19_2024"]
[SourceDate "2024.05.08"]
[SourceVersion "1"]
[SourceVersionDate "2024.05.08"]
[SourceQuality "1"]

1. d4 d5 2. c4 e6 3. Nf3 Nf6 4. g3 dxc4 5. Bg2 Bb4+ 6. Bd2 a5 7. 0-0 0-0 8. Qc2 b5 9. Nc3 c6 10. e4 Be7 11. Bg5 Nbd7 12. Rfd1 h6 13. Bxf6 Nxf6 14. a4 Qb6 15. axb5 cxb5 16. d5 Bc5 17. Rd2 Bb7 18. Rad1 exd5 19. Nxd5 Nxd5 20. exd5 Rad8 21. Ne5 Rd6 22. Kh1 a4 23. f4 Bb4 24. Rd4 Rfd8 25. Qf5 Qc7 26. Be4 g6 27. Qh3 Kg7 28. f5 Qe7 29. Ng4 Qg5 30. Bf3 h5 31. fxg6 fxg6 32. Qg2 hxg4 33. Rxg4 Qe7 34. Rh4 Rh8 35. Re4 Qf7 36. Rf4 Rf6 37. Rdd4 Bd6 38. Rxf6 Qxf6 0-1

[Event "Ljubljana op"]
[Site "Ljubljana"]
[Date "2024.05.03"]
[Round "8"]
[White "Hiti, Domen"]
[Black "Brinovec, David"]
[Result "1/2-1/2"]
[WhiteElo "2241"]
[BlackElo "2363"]
[PlyCount "85"]
[EventDate "2024.04.27"]
[EventType "swiss"]
[EventRounds "9"]
[EventCountry "SLO"]
[SourceTitle "CB19_2024"]
[SourceDate "2024.05.08"]
[SourceVersion "1"]
[SourceVersionDate "2024.05.08"]
[SourceQuality "1"]

1. d4 d5 2. c4 e6 3. Nc3 Nf6 4. cxd5 exd5 5. Bg5 Be7 6. e3 c6 7. Bd3 0-0 8. Qc2 Nbd7 9. Nge2 Re8 10. 0-0 Nf8 11. Rab1 a5 12. a3 g6 13. b4 axb4 14. axb4 Ne6 15. Bh4 Ng7 16. b5 Bf5 17. Bxf5 Nxf5 18. Bxf6 Bxf6 19. bxc6 bxc6 20. Na4 Ne7 21. Rb7 Qa5 22. Nc5 Ra7 23. Rxa7 Qxa7 24. g3 Rc8 25. Qc3 Nf5 26. Ra1 Qe7 27. Nf4 Nd6 28. Nb3 Qd7 29. Nc5 Qf5 30. Qd3 Qg4 31. Qe2 Qxe2 32. Nxe2 Nb5 33. Nf4 Kf8 34. Rb1 Nd6 35. Ra1 Ke8 36. Ra6 Be7 37. Nfd3 Ne4 38. Nxe4 dxe4 39. Ne5 c5 40. dxc5 Bxc5 41. Ng4 Be7 42. Nf6+ Bxf6 43. Rxf6 1/2-1/2

[Event "Ljubljana op"]
[Site "Ljubljana"]
[Date "2024.04.28"]
[Round "2"]
[White "Hiti, Domen"]
[Black "Zidar, Jernej"]
[Result "1-0"]
[WhiteElo "2241"]
[BlackElo "2000"]
[PlyCount "91"]
[EventDate "2024.04.27"]
[EventType "swiss"]
[EventRounds "9"]
[EventCountry "SLO"]
[SourceTitle "CB19_2024"]
[SourceDate "2024.05.08"]
[SourceVersion "1"]
[SourceVersionDate "2024.05.08"]
[SourceQuality "1"]

1. d4 d5 2. c4 c6 3. Nf3 Nf6 4. Qc2 e6 5. g3 Nbd7 6. Bg2 Be7 7. 0-0 0-0 8. Nc3 dxc4 9. a4 a5 10. e4 h6 11. Rd1 Bb4 12. Qe2 b6 13. Nd2 Ba6 14. Nxc4 Rc8 15. Na2 Nd5 16. Qc2 b5 17. Ne5 Ne7 18. Nxb4 axb4 19. axb5 Bxb5 20. Nxd7 Qxd7 21. Qc5 Rfd8 22. Ra7 Rc7 23. Rxc7 Qxc7 24. Bf4 Qd7 25. Qxb4 Ra8 26. Qd6 Qb7 27. Qc7 Qxc7 28. Bxc7 Ra2 29. b4 Kf8 30. Bd6 Ke8 31. Rc1 Kd7 32. Bc5 Nc8 33. Bf8 g6 34. Bxh6 Nd6 35. d5 cxd5 36. exd5 Rb2 37. dxe6+ Kxe6 38. Re1+ Kf6 39. Be3 Nf5 40. Bc5 Rd2 41. Bf1 Bc6 42. b5 Rc2 43. Ba7 Bd5 44. Bb8 Kg5 45. Bf4+ Kf6 46. b6 1-0

[Event "Ljubljana-chT 75th"]
[Site "Ljubljana"]
[Date "2023.03.23"]
[Round "9.2"]
[White "Hiti, Domen"]
[Black "Benko, Bostjan"]
[Result "1-0"]
[WhiteElo "2236"]
[BlackElo "1879"]
[PlyCount "83"]
[EventDate "2023.01.12"]
[EventType "team-swiss"]
[EventRounds "9"]
[EventCountry "SLO"]
[SourceTitle "EXT 2024"]
[Source "ChessBase"]
[SourceDate "2023.10.10"]
[SourceVersion "1"]
[SourceVersionDate "2023.10.10"]
[SourceQuality "1"]
[WhiteTeam "Ig"]
[BlackTeam "Zagorje ob Savi"]
[WhiteTeamCountry "SLO"]
[BlackTeamCountry "SLO"]

1. d4 Nf6 2. c4 g6 3. Nc3 d5 4. cxd5 Nxd5 5. e4 Nxc3 6. bxc3 Bg7 7. Bc4 c5 8. Ne2 0-0 9. 0-0 Nc6 10. Be3 cxd4 11. cxd4 Na5 12. Bd3 b6 13. Rc1 Bb7 14. Qa4 Qd6 15. Bf4 e5 16. Bd2 Bc6 17. Qb4 Qd7 18. d5 Rfc8 19. Ba6 Bb7 20. Bb5 Qd8 21. Qa4 a6 22. Bd3 Bc6 23. Qb4 Bf8 24. Qb2 Be8 25. Qxe5 Bg7 26. Qg3 Bb5 27. Bc3 Rxc3 28. Nxc3 Nc4 29. Nxb5 axb5 30. Bxc4 bxc4 31. Rxc4 Rxa2 32. Rfc1 Ra1 33. Qg4 Rxc1+ 34. Rxc1 f5 35. exf5 Qxd5 36. fxg6 hxg6 37. Qxg6 Qb7 38. Qe6+ Kh7 39. Rc4 Bh6 40. Qf5+ Kg7 41. Qe5+ Kg6 42. h4 1-0

[Event "Ljubljana-chT 75th"]
[Site "Ljubljana"]
[Date "2023.02.16"]
[Round "4.2"]
[White "Poglajen, Franc"]
[Black "Hiti, Domen"]
[Result "1/2-1/2"]
[WhiteElo "1741"]
[BlackElo "2236"]
[PlyCount "48"]
[EventDate "2023.01.12"]
[EventType "team-swiss"]
[EventRounds "9"]
[EventCountry "SLO"]
[SourceTitle "EXT 2024"]
[Source "ChessBase"]
[SourceDate "2023.10.10"]
[SourceVersion "1"]
[SourceVersionDate "2023.10.10"]
[SourceQuality "1"]
[WhiteTeam "Komenda Pogi"]
[BlackTeam "Ig"]
[WhiteTeamCountry "SLO"]
[BlackTeamCountry "SLO"]

1. e4 e6 2. d4 d5 3. exd5 exd5 4. h3 Bd6 5. Nf3 Ne7 6. Bd3 0-0 7. Nc3 c6 8. Ne2 Bf5 9. Bf4 Bxf4 10. Nxf4 Qd6 11. Qd2 Be4 12. 0-0-0 Bxf3 13. gxf3 Nd7 14. h4 Qh6 15. h5 Rfe8 16. Rdg1 Nf8 17. Rg2 Neg6 18. Rhg1 Nxf4 19. Rxg7+ Qxg7 20. Rxg7+ Kxg7 21. Qxf4 h6 22. Qg3+ Kf6 23. Qf4+ Kg7 24. Qg3+ Kf6 1/2-1/2

[Event "Ljubljana-chT 74th"]
[Site "Ljubljana"]
[Date "2022.02.10"]
[Round "5.1"]
[White "Coklin, Marko"]
[Black "Hiti, Domen"]
[Result "0-1"]
[WhiteElo "2203"]
[BlackElo "2231"]
[PlyCount "102"]
[EventDate "2022.01.13"]
[EventType "team-swiss"]
[EventRounds "9"]
[EventCountry "SLO"]
[SourceTitle "EXT 2024"]
[Source "ChessBase"]
[SourceDate "2023.10.10"]
[SourceVersion "1"]
[SourceVersionDate "2023.10.10"]
[SourceQuality "1"]
[WhiteTeam "Trzin Buscotrade"]
[BlackTeam "Ig"]
[WhiteTeamCountry "SLO"]
[BlackTeamCountry "SLO"]

1. c4 Nf6 2. d4 e6 3. Nf3 d5 4. Bg5 c6 5. e3 Nbd7 6. Nc3 Bb4 7. Bd3 Qa5 8. Qc2 Ne4 9. Bxe4 dxe4 10. Ne5 Nxe5 11. dxe5 Qxe5 12. Bf4 Qa5 13. 0-0 f5 14. a3 Be7 15. b4 Qa6 16. Qb3 0-0 17. Rfd1 Bf6 18. Bd6 Re8 19. b5 Qa5 20. Bb4 Qc7 21. Bd6 Qf7 22. Rac1 Bd7 23. Na4 b6 24. bxc6 Bxc6 25. Nc3 Rac8 26. Nb5 Red8 27. Bb4 Bxb5 28. cxb5 Rxc1 29. Rxc1 h5 30. Rd1 Rd5 31. Rxd5 exd5 32. h3 d4 33. Qxf7+ Kxf7 34. exd4 Bxd4 35. Bd6 Ke6 36. Bb8 Kd5 37. g4 hxg4 38. hxg4 g6 39. gxf5 gxf5 40. Bxa7 Kc4 41. Kf1 Kxb5 42. Bb8 Ka4 43. Bd6 Bc5 44. Be5 Kxa3 45. Ke2 Kb3 46. f3 Kc2 47. fxe4 fxe4 48. Bg3 b5 49. Be1 Kb3 50. Kd1 b4 51. Kc1 Bd4 0-1

[Event "SLO-chT 29th"]
[Site "Slovenia"]
[Date "2019.09.08"]
[Round "3.4"]
[White "Trbojevic, Mladen"]
[Black "Hiti, Domen"]
[Result "1-0"]
[WhiteElo "2338"]
[BlackElo "2251"]
[PlyCount "117"]
[EventDate "2019.09.06"]
[EventType "team-tourn"]
[EventRounds "9"]
[EventCountry "SLO"]
[SourceTitle "CBM 192 Extra"]
[Source "Chessbase"]
[SourceDate "2019.11.06"]
[SourceVersion "1"]
[SourceVersionDate "2019.11.06"]
[SourceQuality "1"]
[WhiteTeam "Branik"]
[BlackTeam "Ig"]
[WhiteTeamCountry "SLO"]
[BlackTeamCountry "SLO"]

1. d4 d5 2. Bf4 e6 3. e3 Bd6 4. Bg3 Ne7 5. Nd2 Nf5 6. Ngf3 Nxg3 7. hxg3 f5 8. Bd3 Nd7 9. g4 fxg4 10. Nh4 Qg5 11. e4 Bf4 12. exd5 exd5 13. Ng6 Rg8 14. Nxf4 Qxf4 15. Bxh7 Rf8 16. Bg6+ Kd8 17. Qe2 Qf6 18. Qd3 Qxf2+ 19. Kd1 Qxg2 20. Re1 c6 21. c3 Qh3 22. Qe2 Qh6 23. Bd3 Qg5 24. Kc2 Kc7 25. Rf1 Rxf1 26. Rxf1 Nf6 27. Qe7+ Bd7 28. Rf5 Qh6 29. Qe5+ Kd8 30. Rg5 Ne8 31. Bg6 Nc7 32. Bf7 Qf6 33. Rxg7 Qxe5 34. dxe5 Rc8 35. Nb3 Ne8 36. Bxe8 Kxe8 37. Nd4 c5 38. e6 Ba4+ 39. b3 cxd4 40. Rg8+ Ke7 41. Rxc8 Be8 42. cxd4 g3 43. Kd2 g2 44. Rc1 Bb5 45. Ke3 Bf1 46. Kf2 Kxe6 47. Rc7 Kf5 48. Re7 Kf4 49. Re5 a6 50. Rxd5 Ke4 51. Rd6 Kd3 52. a4 Ke4 53. a5 Kd3 54. Rd7 Ke4 55. b4 Bc4 56. Rxb7 Kxd4 57. b5 axb5 58. a6 Bd5 59. Rd7 1-0

[Event "SLO-chT 29th"]
[Site "Slovenia"]
[Date "2019.09.06"]
[Round "1.3"]
[White "Gjuran, Denis"]
[Black "Hiti, Domen"]
[Result "1-0"]
[WhiteElo "2326"]
[BlackElo "2251"]
[PlyCount "105"]
[EventDate "2019.09.06"]
[EventType "team-tourn"]
[EventRounds "9"]
[EventCountry "SLO"]
[SourceTitle "CBM 192 Extra"]
[Source "Chessbase"]
[SourceDate "2019.11.06"]
[SourceVersion "1"]
[SourceVersionDate "2019.11.06"]
[SourceQuality "1"]
[WhiteTeam "Murska Sobota Radenska"]
[BlackTeam "Ig"]
[WhiteTeamCountry "SLO"]
[BlackTeamCountry "SLO"]

1. e4 e6 2. f4 d5 3. e5 c5 4. Nf3 Nc6 5. c3 Qb6 6. Na3 Bd7 7. Nc2 Nge7 8. d4 cxd4 9. cxd4 Nf5 10. g4 Nfe7 11. Bg2 h5 12. h3 Ng6 13. 0-0 hxg4 14. hxg4 Nh4 15. Nxh4 Rxh4 16. b3 Nb4 17. Nxb4 Bxb4 18. Be3 Bb5 19. Rf2 0-0-0 20. Rc2+ Kb8 21. Bf2 Rhh8 22. a3 Be7 23. a4 Bd7 24. Qd3 Bh4 25. Rac1 Bxf2+ 26. Kxf2 Rh4 27. Kg3 Rdh8 28. Rc7 Qxc7 29. Rxc7 Kxc7 30. Qc3+ Kb8 31. Qb4 g5 32. Qd6+ Kc8 33. Qc5+ Kb8 34. Qd6+ Kc8 35. Qc5+ Kb8 36. fxg5 Bc6 37. g6 fxg6 38. Qd6+ Ka8 39. Qxe6 g5 40. Qf5 a6 41. Qxg5 R4h6 42. a5 Re6 43. Qg7 Ree8 44. e6 Rhg8 45. Qf6 Ka7 46. g5 Rgf8 47. Qe5 Rg8 48. Bxd5 Bxd5 49. Qxd5 Rg6 50. Qc5+ Ka8 51. d5 Rxg5+ 52. Kf4 Rg7 53. d6 1-0

[Event "SLO-chT1 West"]
[Site "Slovenia"]
[Date "2018.09.30"]
[Round "3.3"]
[White "Belamaric, Goran"]
[Black "Hiti, Domen"]
[Result "0-1"]
[WhiteElo "2141"]
[BlackElo "2237"]
[PlyCount "51"]
[EventDate "2018.09.28"]
[EventType "team-tourn"]
[EventRounds "9"]
[EventCountry "SLO"]
[SourceTitle "CBM 187 Extra"]
[Source "ChessBase"]
[SourceDate "2018.11.04"]
[SourceVersion "1"]
[SourceVersionDate "2018.11.04"]
[SourceQuality "1"]
[WhiteTeam "Piran"]
[BlackTeam "Ig"]
[WhiteTeamCountry "SLO"]
[BlackTeamCountry "SLO"]

1. e4 e6 2. d4 d5 3. e5 c5 4. Nf3 Qb6 5. Bd3 Bd7 6. 0-0 cxd4 7. Nbd2 Nc6 8. a3 a5 9. a4 Nge7 10. Nb3 Rc8 11. Bf4 Nb4 12. Nfxd4 Nxd3 13. Qxd3 Ng6 14. Bg3 Rc4 15. Qd2 Bb4 16. c3 Be7 17. Nc1 Rxa4 18. Rxa4 Bxa4 19. b3 Bb5 20. Re1 0-0 21. Qd1 Rc8 22. Qf3 Bg5 23. h3 Bd2 24. Rd1 Rxc3 25. Rxd2 Rxf3 26. Nxf3 0-1

[Event "Pardubice Czech op-A 29th"]
[Site "Pardubice"]
[Date "2018.07.24"]
[Round "5"]
[White "Hiti, Domen"]
[Black "Murko, David"]
[Result "0-1"]
[WhiteElo "2259"]
[BlackElo "2149"]
[PlyCount "62"]
[EventDate "2018.07.20"]
[EventType "swiss"]
[EventRounds "9"]
[EventCountry "CZE"]
[SourceTitle "CBM 185 Extra"]
[Source "ChessBase"]
[SourceDate "2018.07.29"]
[SourceVersion "1"]
[SourceVersionDate "2018.07.29"]
[SourceQuality "1"]

1. d4 Nf6 2. c4 c5 3. d5 e6 4. Nc3 exd5 5. cxd5 d6 6. e4 g6 7. f4 Bg7 8. Bb5+ Nfd7 9. a4 0-0 10. Nf3 Na6 11. 0-0 Nb4 12. Re1 a6 13. Bf1 Re8 14. h3 f5 15. e5 dxe5 16. d6 e4 17. Bc4+ Kh8 18. Ng5 Bd4+ 19. Kh1 Qf6 20. g4 Nb6 21. Nf7+ Kg8 22. g5 Qg7 23. Nh6+ Kf8 24. Bf7 Be6 25. Bxe8 Rxe8 26. a5 Nd3 27. Rf1 Nc4 28. Qc2 Nxd6 29. Ne2 Bd5 30. Nxd4 Qxd4 31. Kh2 e3 0-1

[Event "Pardubice Czech op-A 29th"]
[Site "Pardubice"]
[Date "2018.07.23"]
[Round "4"]
[White "Gonda, Laszlo"]
[Black "Hiti, Domen"]
[Result "1-0"]
[WhiteElo "2534"]
[BlackElo "2259"]
[PlyCount "95"]
[EventDate "2018.07.20"]
[EventType "swiss"]
[EventRounds "9"]
[EventCountry "CZE"]
[SourceTitle "CBM 185 Extra"]
[Source "ChessBase"]
[SourceDate "2018.07.29"]
[SourceVersion "1"]
[SourceVersionDate "2018.07.29"]
[SourceQuality "1"]

1. Nf3 g6 2. c4 Bg7 3. d4 d6 4. Nc3 e5 5. g3 Nc6 6. dxe5 Nxe5 7. Bg2 Nxf3+ 8. Bxf3 Ne7 9. c5 Nf5 10. Qa4+ c6 11. cxd6 Qxd6 12. Bf4 Qc5 13. Rc1 0-0 14. 0-0 Nd4 15. Bg2 Qh5 16. Rfd1 Nxe2+ 17. Nxe2 Qxe2 18. Rd2 Qh5 19. Qb4 Re8 20. h4 Qg4 21. Rcd1 Bf8 22. Qb3 Qe6 23. Qa4 f6 24. Rd8 Qf7 25. Rxe8 Qxe8 26. Qb3+ Kg7 27. Kh2 Be7 28. Re1 Qd8 29. Qe3 Bf8 30. Bh6+ Kg8 31. Qb3+ Kh8 32. Qf7 Bf5 33. Re7 Qxe7 34. Bg7+ Bxg7 35. Qxe7 h5 36. Qxb7 Rd8 37. Bxc6 Rd2 38. Kg2 a5 39. a4 Bg4 40. b3 f5 41. Qa8+ Kh7 42. Qxa5 Rc2 43. Qd5 Rc3 44. a5 Bf3+ 45. Qxf3 Rxf3 46. Kxf3 Bc3 47. a6 Bd4 48. Ke2 1-0

[Event "SLO-chT1 West"]
[Site "Slovenia"]
[Date "2016.12.10"]
[Round "8"]
[White "Brcar, Ales"]
[Black "Hiti, Domen"]
[Result "1/2-1/2"]
[WhiteElo "2122"]
[BlackElo "2244"]
[PlyCount "82"]
[EventDate "2016.11.11"]
[EventType "team-tourn"]
[EventRounds "9"]
[EventCountry "SLO"]
[SourceTitle "EXT 2018"]
[Source "ChessBase"]
[SourceDate "2017.10.13"]
[SourceVersion "1"]
[SourceVersionDate "2017.10.13"]
[SourceQuality "1"]
[WhiteTeam "Trebnje BMP"]
[BlackTeam "Ig"]
[WhiteTeamCountry "SLO"]
[BlackTeamCountry "SLO"]

1. d4 d5 2. c4 c6 3. Nf3 Nf6 4. Nc3 e6 5. e3 Nbd7 6. Qc2 Bd6 7. b3 0-0 8. Bd3 e5 9. cxd5 cxd5 10. Nb5 Bb8 11. dxe5 Nxe5 12. Nxe5 Bxe5 13. Bb2 Bxb2 14. Qxb2 Bd7 15. 0-0 Qe7 16. Qd4 a6 17. Nc3 Bc6 18. Rfd1 Rad8 19. Rac1 Rd6 20. Rd2 Rfd8 21. Rcd1 R6d7 22. Bf5 Rd6 23. Bh3 Ne8 24. g3 Nc7 25. Bg2 R6d7 26. Qb6 g6 27. Ne2 Ne6 28. Nd4 Nxd4 29. Rxd4 Kg7 30. Qa5 Qe6 31. Qc3 f6 32. Bf3 Qe5 33. Qd2 h5 34. Bg2 f5 35. h4 Kf7 36. Qa5 Ke6 37. b4 Bb5 38. Qb6+ Kf7 39. Qc5 Ke6 40. Qb6+ Kf7 41. Qc5 Ke6 1/2-1/2

[Event "SLO-chT1 West"]
[Site "Slovenia"]
[Date "2016.11.27"]
[Round "6"]
[White "Kragelj, Igor"]
[Black "Hiti, Domen"]
[Result "1/2-1/2"]
[WhiteElo "2140"]
[BlackElo "2244"]
[PlyCount "85"]
[EventDate "2016.11.11"]
[EventType "team-tourn"]
[EventRounds "9"]
[EventCountry "SLO"]
[SourceTitle "EXT 2018"]
[Source "ChessBase"]
[SourceDate "2017.10.13"]
[SourceVersion "1"]
[SourceVersionDate "2017.10.13"]
[SourceQuality "1"]
[WhiteTeam "Komenda"]
[BlackTeam "Ig"]
[WhiteTeamCountry "SLO"]
[BlackTeamCountry "SLO"]

1. d4 d5 2. c4 c6 3. Nf3 e6 4. e3 f5 5. Bd3 Nf6 6. 0-0 Bd6 7. b3 Qe7 8. Bb2 0-0 9. Nc3 Ne4 10. Rc1 Nd7 11. Ne2 Qf6 12. Nf4 a5 13. Be2 g5 14. Nd3 g4 15. Nfe5 Qh6 16. Rc2 a4 17. Qc1 axb3 18. axb3 Nxe5 19. Nxe5 Bd7 20. f3 gxf3 21. gxf3 Nf6 22. Bd3 Kh8 23. Rg2 Be8 24. Kh1 Bh5 25. Be2 Rg8 26. Rfg1 Rxg2 27. Rxg2 Rg8 28. Rxg8+ Kxg8 29. Qg1+ Qg7 30. Qxg7+ Kxg7 31. Kg2 Kf8 32. Kf2 Ke7 33. Bd3 Nd7 34. Nxd7 Kxd7 35. h3 b6 36. Bc3 Ke7 37. Ke2 Kf6 38. Be1 Ke7 39. Bh4+ Kd7 40. Be1 Ke7 41. Bh4+ Kd7 42. cxd5 cxd5 43. Bb5+ 1/2-1/2

[Event "SLO-chT 25th"]
[Site "Otocec"]
[Date "2015.11.28"]
[Round "8.15"]
[White "Praznik, Niko"]
[Black "Hiti, Domen"]
[Result "1-0"]
[WhiteElo "2344"]
[BlackElo "2243"]
[PlyCount "55"]
[EventDate "2015.10.16"]
[EventType "team-tourn"]
[EventRounds "9"]
[EventCountry "SLO"]
[SourceTitle "EXT 2020"]
[Source "ChessBase"]
[SourceDate "2019.10.17"]
[SourceVersion "1"]
[SourceVersionDate "2019.10.17"]
[SourceQuality "1"]
[WhiteTeam "Vrhnika"]
[BlackTeam "Ig"]
[WhiteTeamCountry "SLO"]
[BlackTeamCountry "SLO"]

1. Nf3 Nf6 2. b3 g6 3. Bb2 Bg7 4. g3 0-0 5. Bg2 d5 6. c4 c6 7. 0-0 Bf5 8. d3 Qd7 9. Nbd2 Bh3 10. Rc1 Bxg2 11. Kxg2 Rd8 12. Rc2 Na6 13. a3 Qd6 14. Qa1 Ne8 15. Bxg7 Nxg7 16. cxd5 Qxd5 17. b4 Ne6 18. Nc4 c5 19. Ne3 Qh5 20. Rc4 cxb4 21. axb4 Ng7 22. Rfc1 Nf5 23. Nxf5 Qxf5 24. Qc3 Qd5 25. Kg1 f6 26. Qb2 Kf7 27. b5 Nb8 28. Rd4 1-0

[Event "SLO-chT 25th"]
[Site "Otocec"]
[Date "2015.11.08"]
[Round "6.9"]
[White "Kokol, Peter"]
[Black "Hiti, Domen"]
[Result "1/2-1/2"]
[WhiteElo "2363"]
[BlackElo "2243"]
[PlyCount "147"]
[EventDate "2015.10.16"]
[EventType "team-tourn"]
[EventRounds "9"]
[EventCountry "SLO"]
[SourceTitle "EXT 2020"]
[Source "ChessBase"]
[SourceDate "2019.10.17"]
[SourceVersion "1"]
[SourceVersionDate "2019.10.17"]
[SourceQuality "1"]
[WhiteTeam "Maribor ZSK"]
[BlackTeam "Ig"]
[WhiteTeamCountry "SVK"]
[BlackTeamCountry "SLO"]

1. Nf3 d5 2. g3 g6 3. Bg2 Bg7 4. d4 Nf6 5. 0-0 0-0 6. c4 c6 7. b3 Nbd7 8. Bb2 Nb6 9. Nbd2 Bf5 10. h3 Ne4 11. cxd5 cxd5 12. Nh4 Nxd2 13. Qxd2 Be6 14. Nf3 Qd7 15. Kh2 Rfc8 16. Rfc1 Qb5 17. Bf1 Rxc1 18. Rxc1 Rc8 19. e3 Qe8 20. Rc5 Nd7 21. Rxc8 Qxc8 22. Ba3 Bf8 23. Bd3 Nf6 24. g4 h5 25. gxh5 Nxh5 26. Ng5 Bf5 27. f4 Nf6 28. Bxf5 Qxf5 29. Qg2 Qd3 30. Bc1 Bh6 31. Nf3 Qb1 32. Ba3 Qe4 33. Qf2 Nh5 34. Ne5 e6 35. Ng4 Bg7 36. Bd6 Qb1 37. Be7 a6 38. Bh4 b5 39. Qd2 Kh7 40. Nf2 Bf6 41. Bg5 Bxg5 42. fxg5 Qf5 43. e4 Qf3 44. exd5 Qg3+ 45. Kh1 Nf4 46. Ng4 exd5 47. Qf2 Qxh3+ 48. Qh2 Kg7 49. Qxh3 Nxh3 50. Nf6 Nxg5 51. Nxd5 Ne6 52. Nb4 Nxd4 53. Nxa6 Nc6 54. a3 f5 55. Nc7 Nd4 56. a4 bxa4 57. bxa4 Nc6 58. Kg2 Kf6 59. Nd5+ Ke5 60. Ne3 Na5 61. Kf3 g5 62. Ng2 Nc4 63. Ne1 g4+ 64. Kg3 Ke4 65. Ng2 Ke5 66. Nf4 Kf6 67. Nd5+ Kg5 68. Nf4 Na5 69. Ne6+ Kf6 70. Nf4 Nb7 71. Kh4 Ke5 72. Ng6+ Ke4 73. Kg3 Ke3 74. Nh4 1/2-1/2

[Event "SLO-chT 25th"]
[Site "Otocec"]
[Date "2015.10.18"]
[Round "3.21"]
[White "Hiti, Domen"]
[Black "Tomazini, Aljosa"]
[Result "0-1"]
[WhiteElo "2243"]
[BlackElo "2338"]
[PlyCount "86"]
[EventDate "2015.10.16"]
[EventType "team-tourn"]
[EventRounds "9"]
[EventCountry "SLO"]
[SourceTitle "EXT 2020"]
[Source "ChessBase"]
[SourceDate "2019.10.17"]
[SourceVersion "1"]
[SourceVersionDate "2019.10.17"]
[SourceQuality "1"]
[WhiteTeam "Ig"]
[BlackTeam "Impol Slovenska Bistrica"]
[WhiteTeamCountry "SLO"]
[BlackTeamCountry "SLO"]

1. d4 Nf6 2. c4 g6 3. Nc3 d5 4. cxd5 Nxd5 5. e4 Nxc3 6. bxc3 Bg7 7. Bc4 0-0 8. Ne2 c5 9. 0-0 Nc6 10. Be3 Bg4 11. f3 Bd7 12. Rb1 Qc7 13. Bd3 Rad8 14. d5 Na5 15. c4 b6 16. Bf4 Qc8 17. Qd2 Rfe8 18. Bh6 Bh8 19. f4 f5 20. e5 Qa6 21. Qc2 e6 22. Rfc1 Bg7 23. Bxg7 Kxg7 24. Nc3 Kh8 25. h3 Rf8 26. Nb5 Bxb5 27. cxb5 Qb7 28. d6 g5 29. fxg5 Rg8 30. h4 Qd5 31. Qc3 h6 32. Be2 Qe4 33. Bf3 Qxh4 34. gxh6 Rg3 35. Qe3 Rdg8 36. h7 R8g7 37. Rd1 Nc4 38. Qc3 Qh3 39. Qc2 Ne3 40. Kf2 Nxd1+ 41. Qxd1 Rxg2+ 42. Ke3 f4+ 43. Kd3 Rg1 0-1

[Event "SLO-chT U20"]
[Site "Otocec"]
[Date "2015.08.28"]
[Round "7"]
[White "Brinovec, David"]
[Black "Hiti, Domen"]
[Result "0-1"]
[WhiteElo "2176"]
[BlackElo "2235"]
[PlyCount "116"]
[EventDate "2015.08.24"]
[EventType "team-tourn"]
[EventRounds "7"]
[EventCountry "SLO"]
[SourceTitle "EXT 2019"]
[Source "ChessBase"]
[SourceDate "2018.10.10"]
[SourceVersion "1"]
[SourceVersionDate "2018.10.10"]
[SourceQuality "1"]

1. e4 e6 2. d4 d5 3. exd5 exd5 4. c4 Nf6 5. Nc3 Be7 6. Bd3 0-0 7. Nge2 dxc4 8. Bxc4 Nc6 9. 0-0 Bf5 10. a3 Qd7 11. Bf4 a6 12. d5 Na5 13. Ba2 b5 14. Nd4 Bg6 15. Qf3 Bd6 16. b4 Nc4 17. Bxc4 bxc4 18. Nc6 Rfe8 19. Rfe1 Rxe1+ 20. Rxe1 Re8 21. Re3 Bh5 22. Qg3 Ng4 23. Rxe8+ Qxe8 24. Kf1 Bg6 25. Nd4 Bd3+ 26. Nde2 Ne5 27. Qe3 f6 28. Kg1 Qa8 29. Bxe5 Bxe5 30. f4 Bd6 31. Nc1 Bf5 32. Qd4 Qe8 33. Kf2 Qh5 34. N1e2 Qh4+ 35. Kf1 Bd3 36. Qe3 Qxf4+ 37. Qxf4 Bxf4 38. Kf2 Be5 39. Na4 Kf7 40. Nc5 Ke7 41. Nc1 Bf5 42. Nxa6 Bb2 43. Ne2 Bxa3 44. Nxc7 Bxb4 45. Nb5 Bd7 46. Nbc3 Kd6 47. Ke3 Ke5 48. g3 Bg4 49. Na4 Kxd5 50. Nf4+ Ke5 51. Nb2 Bc5+ 52. Kd2 Kd4 53. h3 c3+ 54. Kc2 Bf5+ 55. Nbd3 Kc4 56. g4 Be4 57. h4 g5 58. hxg5 fxg5 0-1

[Event "Ljubljana-chT 68th Superliga"]
[Site "Ljubljana"]
[Date "2015.01.22"]
[Round "3.2"]
[White "Hiti, Domen"]
[Black "Persl, Bojan"]
[Result "1-0"]
[WhiteElo "2217"]
[BlackElo "2063"]
[PlyCount "55"]
[EventDate "2015.01.08"]
[EventType "team-tourn"]
[EventRounds "9"]
[EventCountry "SLO"]
[SourceTitle "EXT 2022"]
[Source "ChessBase"]
[SourceDate "2021.10.06"]
[SourceVersion "1"]
[SourceVersionDate "2021.10.06"]
[SourceQuality "1"]
[WhiteTeam "Ig"]
[BlackTeam "Klinicni Center"]
[WhiteTeamCountry "SLO"]
[BlackTeamCountry "SLO"]

1. d4 Nf6 2. c4 g6 3. Nc3 d5 4. cxd5 Nxd5 5. e4 Nb6 6. Be3 Bg7 7. Qd2 Nc6 8. Bb5 Bd7 9. Nf3 Na5 10. b3 0-0 11. Bh6 Bxb5 12. Bxg7 Kxg7 13. Nxb5 Nc6 14. d5 Nb8 15. Qc3+ Kg8 16. Nxc7 N8d7 17. Nxa8 Qxa8 18. 0-0 a5 19. Rfc1 a4 20. Ne5 Nf6 21. Qd4 Qa6 22. Nc4 Nbd7 23. e5 Ne8 24. Ne3 f5 25. f4 axb3 26. axb3 Qb5 27. Kh1 Ng7 28. Qa4 1-0

[Event "SLO-chT Central Superliga 15th"]
[Site "Slovenia"]
[Date "2014.11.06"]
[Round "8.2"]
[White "Ivanusa, Blaz"]
[Black "Hiti, Domen"]
[Result "0-1"]
[WhiteElo "2078"]
[BlackElo "2184"]
[PlyCount "78"]
[EventDate "2014.09.11"]
[EventType "team-tourn"]
[EventRounds "9"]
[EventCountry "SLO"]
[SourceTitle "EXT 2022"]
[Source "ChessBase"]
[SourceDate "2021.10.06"]
[SourceVersion "1"]
[SourceVersionDate "2021.10.06"]
[SourceQuality "1"]
[WhiteTeam "Klinicni Center"]
[BlackTeam "Ig"]
[WhiteTeamCountry "SLO"]
[BlackTeamCountry "SLO"]

1. Nf3 Nf6 2. g3 g6 3. Bg2 Bg7 4. 0-0 0-0 5. d3 d5 6. Nbd2 c6 7. e4 dxe4 8. dxe4 Qc7 9. Re1 e5 10. b3 Rd8 11. Bb2 Ne8 12. Qe2 f6 13. Rad1 Be6 14. h4 c5 15. h5 g5 16. Nc4 Nc6 17. c3 Qf7 18. Ne3 Qxh5 19. Qb5 Nd6 20. Qxc5 Bf8 21. Nd5 Nxe4 22. Qc4 Qf7 23. Qxe4 Bxd5 24. Qe3 Ne7 25. c4 Nf5 26. Qe2 Bc6 27. a3 a5 28. Bc3 e4 29. Nd4 Nxd4 30. Bxd4 f5 31. Bb2 Re8 32. Qd2 h6 33. b4 axb4 34. axb4 Qxc4 35. Bf1 Qxb4 36. Bc3 Qc5 37. Rc1 Qd5 38. Qe2 e3 39. f3 Qxf3 0-1